[Event "Klubbmesterskapet 2012 (A)"]
[Site "Ås, Akershus NOR"]
[Date "2012.03.15"]
[Round "6"]
[White "Olsen, Trygve"]
[Black "Lea, Per"]
[Result "0-1"]
[WhiteElo "1278"]
[BlackElo "1669"]
[PlyCount "54"]
[EventDate "2012.01.19"]

1. e4 e5 2. Nf3 Nc6 3. c4 {Høyst ukonvensjonelt: bonden på d2 blir hengende
etter, og svart kan få kontrollen over d4, som det viste seg i dette partiet.}
Bc5 4. d3 d6 5. Nc3 Nge7 6. a3 O-O 7. Be2 f5 8. b4 Bb6 9. Na4 fxe4 10. dxe4 (
10. Nxb6 exf3 11. Nxc8 (11. Nxa8 $2 fxe2 12. Qxe2 Bd7 13. Nxc7 Qxc7 {er klart f
ordelaktig for svart: nå kan hvit ikke hindre en av de svarte springerne å
klore seg fast på d4 til evig tid.}) 11... fxe2 12. Nxe7+ Qxe7 13. Qxe2 Nd4 {
og svart står noe bedre}) 10... Bd4 11. Nxd4 Nxd4 {Nå er den etterhengende
bonden bort, men springeren står godt på d4, så godt at hvit kanskje burde ha
byttet den mot svartfeltløperen sin} 12. Bd3 {Unødvendig - svart ville aldri
finne på å slå på e2. Springeren er alt for verdifull der den står.} Ng6 13.
O-O Nf4 14. Bxf4 Rxf4 15. Nc3 Qg5 16. Kh1 $4 (16. f3 Bh3 17. Ra2 c6 18. Kh1 {
gir svart en liten fordel}) 16... Be6 $2 {Jeg ville forsikre meg mot mulige
varianter med dronningsjakker på d5 - helt unødvendig ser jeg nå i ettertid} (
16... Rh4 $1) 17. Ra2 Raf8 {Igjen var tårnet til h4 et sterkere alternativ} 18.
a4 $2 {Dronningfløyen er for langt fra begivenhetenes sentrum. Hvit må
forsvare seg på dronningfløyen, f.eks.:} (18. f3 Rh4 19. Kg1 Qh6 20. g3 Qe3+
21. Raf2 Rh3 22. Kg2 Rf6 23. Kh1 h5 24. Nd5 Bxd5 25. exd5 h4 26. Rg2 hxg3 27.
Rxg3 Rxg3 28. hxg3 Rxf3 29. Rxf3 Nxf3 {men heller ikke dette er tilstrekkelig})
18... Rh4 $1 {Endelig!} 19. f3 $4 {
Taper temmelig forsert. Men alternativene var heller ikke så fristende.} (19.
g3 Nf3 20. Qxf3 (20. gxh4 Qf4 21. Qxf3 Qxf3+ 22. Kg1 Bh3 {og matt i neste})
20... Rxf3 {med enkel gevinst for svart}) (19. Be2 Qh6 20. h3 Bxh3 21. f4 Qg6
22. Bf3 Bxg2+ {og svart vinner}) 19... Qg3 $1 20. h3 Bxh3 21. Kg1 Be6 (21...
Bg4 {var enda bedre:} 22. Ne2 Qh2+ 23. Kf2 Rxf3+ 24. Ke1 Rxf1+ 25. Kxf1 Qh1+
26. Ng1 (26. Kf2 Qxd1 {er selvfølgelig også håpløst}) 26... Bxd1) 22. Ne2 Qh2+
23. Kf2 Rxf3+ 24. Ke1 Rxf1+ ({Jeg vurderte lenge} 24... Qxg2 {
men kom til - helt feilaktig - at hvit kunne få motsjanser} 25. Nxd4 Rxe4+ {
og den tårnsjakken hadde jeg ikke sett}) 25. Kxf1 Nxe2 26. Bxe2 (26. Qxe2 Qh1+
27. Kf2 Rf4+ 28. Qf3 (28. Ke3 Bg4 29. Qc2 Qe1+ 30. Be2 Qg1+ 31. Kd2 Rf2 32. Kc3
Rxe2 {er håpløst for hvit}) 28... Qh4+ 29. Kg1 Rxf3 30. gxf3) 26... Rf4+ $2 (
26... Qf4+ 27. Bf3 Rh1+ 28. Ke2 Rxd1 {og svart vinner lett}) 27. Bf3 $4 Bxc4+ {
Oppgitt} 0-1

[Event "Klubbmesterskapet 2012 (A)"]
[Site "Ås, Akershus NOR"]
[Date "2012.03.15"]
[Round "6"]
[White "Høva, Frode"]
[Black "Furnes, Torstein"]
[Result "1/2-1/2"]
[WhiteElo "1573"]
[BlackElo "1585"]
[PlyCount "60"]

1. d4 d5 2. Nf3 Nf6 3. g3 Bf5 4. Bg2 e6 5. O-O Be7 6. c4 O-O 7. Nc3 c6 8. Ne5
Nbd7 9. Nxd7 Qxd7 10. cxd5 exd5 11. Bg5 Bh3 12. Bxf6 Bxf6 13. e3 Rfe8 14. b4
Bxg2 15. Kxg2 Qf5 16. b5 c5 17. Ne2 Qe4+ 18. Kg1 Rac8 19. Rc1 c4 20. Nc3 Qf5
21. Qa4 Ra8 22. Qb4 Be7 23. Qa5 b6 24. Qa4 h5 25. h4 Bxh4 $6 {
Dette offeret gir ikke noe særlig for svart.} 26. gxh4 Qg4+ 27. Kh2 Qxh4+ 28.
Kg2 Qg4+ ({Fritz mener svart har moderat fordel (-0.5) etter følgende variant:
} 28... Re6 29. Rg1 Rf6 30. Qc2 Re8 31. Qd2 Ree6 32. Kf1 Rxf2+ 33. Qxf2 Rf6 34.
Rc2 Qh3+ 35. Rg2 Rxf2+ 36. Kxf2 Kh7) 29. Kh2 Qh4+ (29... Re6 30. Rg1 Qh4+ 31.
Kg2 Rf6 {blir samme analyse som over.}) 30. Kg2 Qg4+ {Velger trekkgjentagelse
og remis. Svart har bare fått to bønder for løperen, og det ser ut som hvits
konge slipper unna hvis han får spilt Tg1.} 1/2-1/2

[Event "Klubbmesterskapet 2012 (A)"]
[Site "Ås, Akershus NOR"]
[Date "2012.03.15"]
[Round "6"]
[White "Bakken, Svein-Erik"]
[Black "Moberg, Jan Rune"]
[Result "0-1"]
[WhiteElo "1434"]
[BlackElo "1603"]
[PlyCount "76"]

1. d4 Nf6 2. c4 c6 3. Nc3 d6 4. Nf3 Nbd7 5. Bg5 e5 6. dxe5 dxe5 7. Qc2 Be7 8.
e3 O-O 9. Bd3 h6 10. Bh4 Qc7 11. O-O Re8 12. Rac1 Nh5 13. Bxe7 Rxe7 14. Rfd1
Nf8 15. Be2 Nf6 16. Rd2 Re8 17. Rcd1 Bg4 18. Ne4 Nxe4 19. Qxe4 Bd7 20. b4 f5
21. Qc2 Be6 22. c5 Ng6 23. Bc4 Qf7 24. Bxe6 Qxe6 25. Rd6 Qf7 26. Rd7 Qf8 27.
Qc4+ Kh7 28. Rxb7 e4 29. Nd4 Ne5 30. Qb3 Qf6 31. Ne2 Rad8 32. Rxd8 Rxd8 33.
Rxa7 Nd3 (33... Ng4 34. g3 (34. Ng3 Qa1+ 35. Nf1 Rd1 36. Qc4 Qb2) (34. Qb1 Qh4)
34... Qa1+ 35. Kg2 Qe1) 34. Nd4 (34. h3) 34... Rxd4 $1 35. exd4 Qxd4 36. h3
Qxf2+ 37. Kh2 Ne1 38. Qg3 Nf3+ 0-1

[Event "Klubbmesterskapet 2012 (A)"]
[Site "Ås, Akershus NOR"]
[Date "2012.03.22"]
[Round "6"]
[White "Kielland-Lund, Jon"]
[Black "Lange, Holger"]
[Result "0-1"]
[WhiteElo "1625"]
[BlackElo "1669"]
[PlyCount "82"]
[EventDate "2012.01.19"]

1. c4 Nf6 2. Nc3 c5 3. g3 g6 4. Nf3 Bg7 5. d4 cxd4 6. Nxd4 Nc6 7. Bg2 O-O 8.
O-O e6 9. Ndb5 a6 $2 (9... d5 10. cxd5 Nxd5 11. Nxd5 exd5 12. Qxd5 {
koster riktig nok en bonde, men er sannsynligvis det minste av flere onder})
10. Nd6 {Som en av 1800-tallsmestrene sa: "hvis jeg bare får plassert en
springer på d6 kan jeg rolig legge meg til å sove, for da vinner partiet seg
selv". Her skjedde det riktig nok ikke helt slik...} Qc7 (10... Ne8 11. Bf4 (
11. Nce4 Nxd6 12. Nxd6 Qb6 13. Qb3 Qxb3 14. axb3 Nd4 {og hvit beholder
springeren på d6, men svart begynner å få noe som likner på motspill}) 11...
Nxd6 12. Bxd6 Re8 13. Qd2 {
er sannsynligvis litt bedre for svart, selv om hvit beholder en liten fordel})
11. Bf4 e5 12. Bg5 Nd4 13. Bxf6 Qxd6 14. Bxg7 Kxg7 15. e3 Nf5 16. Qxd6 Nxd6 17.
b3 f5 18. Rfd1 Nf7 19. Bd5 (19. Nd5 d6 20. Nb6 Rb8 21. Bd5 Nd8 22. Rd2 Re8 23.
Rad1 {og hvit har et deilig press}) 19... Rb8 20. a4 {
Hindrer at svart frigjør seg ved å åpne b-linja.} (20. c5 b5 21. cxb6 Rxb6 22.
Rac1 Rd6 23. f4 exf4 24. exf4 {er kanskje vel så godt}) 20... Rd8 (20... Nd8 {
En alternativ plan er} 21. a5 d6 22. Na4 Rf6 23. Nb6 Nc6) 21. Bxf7 Kxf7 22. Rd6
Re8 23. c5 Re6 24. Rad1 b6 25. Rxe6 dxe6 26. c6 Ke7 27. b4 (27. Kg2 Ra8 28. f4
e4 (28... exf4 29. exf4 Ra7 30. b4 Rc7 31. b5 axb5 32. axb5 Ra7 33. Rd4 Ra5 34.
h3 {Fritz vurderer stilingen som vunnet for hvit, men selv om svarts løper er
patt, så er hvits springer bundet til garderinga av b-bonden. Dermed er det
ikke helt lett å se hvordan hvit skal kunne bryte gjennom så lenge svarts
konge holder seg på e7.}) 29. b4 Ra7 30. Rd4 Rc7 31. b5 $16) 27... b5 28. a5
Ra8 29. e4 $2 {Gir svart en liten fordel} ({Etter} 29. f4 e4 30. Ne2 Ra7 31.
Nd4 {beholder hvit en liten fordel}) 29... Ra7 30. exf5 gxf5 31. Kf1 $2 {
Nå er fribonden fortapt, dermed frigjøres løperen, og svart står til vinst} (
31. g4 Rc7 32. gxf5 Rxc6 33. f6+ Kxf6 34. Ne4+ Ke7 35. Nc5 {
gjør litt mer motstand}) 31... Rc7 32. Ke2 Rxc6 33. Rc1 Bb7 34. Na2 Rxc1 35.
Nxc1 Kd6 36. Kd3 Bd5 37. Kc3 Bc4 38. Nd3 $4 {Bondesluttspillet er tapt for
hvit, men noe reddende trekk finnes ikke - bare utsettende} (38. Kd2 Kd5 39.
Ke3 e4 40. h3 e5 41. h4 h5 42. Kd2 Kd4 43. Ke1 Kc3 {0-1}) 38... Bxd3 39. Kxd3
Kd5 40. f3 e4+ 41. fxe4+ fxe4+ {Oppgitt. Hvits konge kan ikke både passe på
svarts fribonde og gardere sine egne bønder på dronningfløyen} 0-1

[Event "Klubbmesterskapet 2012 (A)"]
[Site "Ås, Akershus NOR"]
[Date "2012.05.03"]
[Round "6"]
[White "Lange, David"]
[Black "Snellingen, Jørn"]
[Result "0-1"]
[WhiteElo "1824"]
[BlackElo "1828"]
[PlyCount "50"]

1. d4 d5 2. e3 Nc6 3. c4 e5 4. dxe5 d4 5. exd4 Qxd4 6. Qxd4 Nxd4 7. Bd3 Be6 8.
b3 O-O-O 9. Nd2 Bb4 10. Ne2 Nc6 11. Nf4 Nxe5 12. Ke2 Bc3 13. Ba3 Nxd3 14. Nxd3
Bf5 15. Rad1 Bxd3+ 16. Kf3 Bc2 17. Rc1 Rxd2 18. Rhe1 Nf6 19. Re7 Bd4 20. Rxf7
Rxf2+ 21. Kg3 Ne4+ 22. Kh3 Ng5+ 23. Kg3 Nxf7 24. Re1 h5 25. Re7 h4+ 0-1

[Event "Klubbmesterskapet 2012 (A)"]
[Site "Ås, Akershus NOR"]
[Date "2012.04.12"]
[Round "7"]
[White "Lea, Per"]
[Black "Bakken, Svein-Erik"]
[Result "1-0"]
[WhiteElo "1669"]
[BlackElo "1434"]
[Annotator "Lea, Per"]
[PlyCount "57"]
[EventDate "2012.01.19"]

1. e4 c5 2. Nf3 Nc6 3. d4 cxd4 4. Nxd4 a6 5. c4 e6 6. Be2 Qc7 7. O-O Nf6 8. Nc3
Be7 9. Be3 O-O 10. a3 d6 {Vårt kjennskap til denne varianten kunne man lese ut
fra tidsforbruket så langt: hvit - 42 minutter, svart - 5 minutter} 11. f4 Bd7
12. Qc2 Rac8 13. b4 Nxd4 ({Under partiet trodde jeg at svart kunne spille} 
13... b5 14. cxb5 Na7 {men det stemte ikke i følge analysene våre etterpå.} ({
Derimot er} 14... Nxd4 15. Bxd4 axb5 (15... e5 16. fxe5 dxe5 17. b6 $1 Qb8 18.
Bf2 {og hvit står plutselig best}) 16. Rac1 e5 17. Be3 {helt greit for svart}))
14. Bxd4 b5 $2 {To trekk for seint, og nå er det dårlig} (14... e5 15. fxe5
dxe5 16. Be3 Be6 17. c5 Rfd8 18. Rad1 {var langt bedre}) 15. e5 $1 dxe5 $2 {
Igjen en unøyaktighet - bedre var å trekke springeren tilbake til e8 med engang
} 16. fxe5 Ne8 17. c5 f5 18. exf6 {Her vurderte jeg det dithen at det ville
være vanskelig å bryte gjennom hvis svart fikk beholde bønder på e6 og f5,
selv om han står trangt. Jeg så heller ikke for meg at jeg kunne få lagt press
på den etterhengende e-bonden, men det var muligens en feilvurdering.} Nxf6 {
Svart utnytter ikke hvits unøyaktighet. Å slå med løperen er bedre, selv om
det kan virke naturlig å få springeren ut på brettet igjen.} 19. Rae1 {
Inneholder en liten felle, som svart gikk rett i. Men det har nok en naturlig
forklaring, nemlig en kombinasjon av hvits toalettbesøk og dårlige tid - ca 15
minutter på deneste22trekkene!} e5 20. Bxe5 Qd8 (20... Qxe5 $4 21. Bc4+ bxc4
22. Rxe5 {1-0}) 21. Bd3 h6 ({En indirekte gardering av bonden er:} 21... Kh8
22. Bxf6 $2 Bxf6 23. Bxh7 $4 Bd4+ 24. Kh1 Bxc3 25. Qxc3 Kxh7 26. Qc2+ $17) 22.
Ne4 ({Fritz 11 anbefaler} 22. Ne2 Nd5 23. Be4 Rxf1+ 24. Rxf1 Nf6 (24... Ne3 $4
25. Qb3+ Nc4 26. Bd5+ Kh7 27. Qd3+ Kh8 28. Bxg7+ Kxg7 29. Rf7+ Kg8 30. Qh7#)
25. Bb7 {og svart mister en kvalitet - men beholder løperparet, hvilket i
tidsnøden kan volde hvit visse problemer}) 22... Nxe4 23. Bxe4 Bc6 $2 (23...
Bf6 24. Bb7 Bxe5 25. Rxf8+ Qxf8 26. Rxe5 Qf6 27. Qe2 Rd8 {
var nok ikke så farlig som vi trodde i analysene etter partiet}) 24. Qb3+ Kh8
25. Bf5 {Med 7 minutter igjen fram til tidskontrollen, og langt fra så godt
som jeg trodde} Ra8 ({Svart har valget mellom pest og kolera:} 25... Bh4 26.
Qe6 Qg5 27. g3 {
kan se ut som motspill, men hvit har vinststilling - og dårlig tid...}) 26. Qg3
({Enda mer avgjørende var:} 26. Bb1 Rxf1+ 27. Rxf1 Qg8 (27... Qd5 28. Qc2 {
og svart har ikke noe bedre enn} Qxg2+ 29. Qxg2 Bxg2 30. Kxg2) 28. Rf7 Re8 29.
Bxg7+ Qxg7 30. Rxg7 Kxg7 31. Qg3+ Kf8 32. Qg6 Rd8 (32... Ba8 33. Qxh6+ Kf7 34.
Ba2+ Bd5 35. Bxd5#) (32... Rc8 $2 33. Qf5+)) 26... Bf6 (26... Rf6 {
var det minste av mange onder}) 27. Qg6 {
Problemet med svarts 21. trekk viser seg!} Kg8 28. Qh7+ Kf7 29. Bg6+ (29. Bxf6
Qd4+ (29... Qxf6 30. Bg6#) 30. Bxd4 Be4 31. Qxg7+ Ke8 32. Qd7# {
var raskeste vei til matt}) (29. Bg6+ {
Svart ga opp, og vi gikk derfor glipp av følgende mattvarianter:} Ke6 (29...
Ke7 30. Bd6+ Kd7 31. Bf5#) 30. Bd6+ Be4 (30... Kd7 $2 31. Bf5#) 31. Bf5+ Kd5
32. Bxe4+ Kd4 33. Rd1+ Kc3 34. Rf3+ Kb2 35. Rb1+ Ka2 36. Bd5#) 1-0

[Event "Klubbmesterskapet 2012 (A)"]
[Site "Ås, Akershus NOR"]
[Date "2012.04.12"]
[Round "7"]
[White "Moberg, Jan Rune"]
[Black "Kielland-Lund, Jon"]
[Result "1-0"]
[WhiteElo "1613"]
[BlackElo "1625"]
[Annotator "Lea, Per"]
[PlyCount "190"]
[EventDate "2012.01.19"]

1. d4 d5 2. c4 c6 3. Nf3 Nf6 4. Nc3 dxc4 5. a4 Bf5 6. g3 e6 7. Bg2 Bb4 8. O-O
h6 {Virker litt slapt. Bedre å hindre hvit i å plassere springeren på e5.} 9.
Ne5 $1 O-O 10. Nxc4 Na6 11. e4 Bxc3 12. exf5 Bxd4 13. fxe6 fxe6 14. Qe2 Qe7 15.
Bf4 Rad8 16. Rad1 c5 17. Bh3 Rfe8 (17... e5 18. Bxe5 Nd7 19. Bxd7 Qxd7 20. Rd2
Rfe8 {er muligens litt bedre}) 18. Rfe1 Kh8 $2 19. Be5 $2 {
Hvit gir fra seg muligheten til å vinne bonden på e6} (19. Qf3 Nb4 (19... Qd7
20. Ne5 Qd5 21. Nf7+ Kg8 22. Qxd5 Rxd5 23. Nd6 $16) 20. Rxe6 Qf8 21. Ne5 Bxe5
22. Rxd8 Rxd8 23. Bxe5 Nbd5 24. Bxf6 Nxf6 25. Qxb7 {og hvit står best}) 19...
Nc7 20. Bxd4 Rxd4 21. Ne5 Kh7 $2 (21... Kg8 {med bare liten fordel til hvit})
22. Qc2+ (22. Rxd4 cxd4 23. Qd3+ Kg8 24. Qxd4 {vinner d-bonden med en gang})
22... Kg8 23. Rxd4 cxd4 24. Qb3 Ncd5 $2 (24... b6 25. Rd1 Qc5 26. Nf3 Rd8 27.
Bxe6+ Nxe6 28. Qxe6+ Kh8 29. Qe5 Rd5 {og svart kan kjempe videre}) 25. Nf3 Qb4
26. Qxb4 Nxb4 27. Nxd4 e5 28. Nb5 (28. Be6+ $1 Kf8 29. Rxe5 {
med en sund mer-bonde for hvit}) 28... Nc6 29. Bg2 Re7 30. Rc1 a6 31. Nd6 Rd7
32. Bxc6 Rxd6 33. Bxb7 Rb6 34. Rc7 a5 35. Bc6 $2 (35. Bc8 Rxb2 36. Ra7 Rb1+ 37.
Kg2 Rc1 38. Be6+ Kf8 39. Rxa5 $18) 35... Rxb2 36. Ra7 Rc2 (36... Rb1+ 37. Kg2
Rb2 38. Rxa5 Ng4 39. Bd7 Nxf2 40. Kf3 e4+ 41. Ke3) 37. Bb5 Ne4 38. Re7 $2 (38.
Bd3 $1 Rc1+ 39. Kg2 Nc5 40. Bg6 Kf8 41. Rf7+ Ke8 (41... Kg8 42. Re7 {
og svart må gi springeren for ikke å bli matt}) 42. Rxg7+ Kf8 43. Ra7 Nxa4 44.
Rxa5 {med avgjørende fordel for hvit}) 38... Rc5 (38... Nxf2 39. Rxe5 Ng4 ({
Fristende var} 39... Nh3+ 40. Kf1 Rf2+ 41. Ke1 Rxh2 42. Bc4+ Kf8 43. Rxa5 {
men hvit står nok best}) 40. Re2 $11) 39. Ra7 Nc3 40. Rxa5 Nxb5 41. Rxb5 Rc1+
42. Kg2 Ra1 43. Rxe5 Rxa4 44. Re7 Kh7 45. h3 h5 46. h4 Kh6 47. Re6+ g6 48. Re2
Rb4 49. Ra2 Rb5 50. f3 Rb4 51. Ra3 Rb5 52. g4 hxg4 53. fxg4 Rc5 54. Kg3 Rb5 55.
Ra4 Rb3+ 56. Kf4 Rh3 57. Ra8 Rb3 ({"Alle" så selvfølgelig:} 57... Rxh4 $4 58.
Rh8+ Kg7 59. Rxh4) 58. g5+ Kg7 59. Ra7+ Kg8 60. Ke5 Rb5+ 61. Kd6 Rf5 (61... Rb4
62. Ra8+ Kg7 63. Ke5 Rxh4 64. Ra7+ Kg8 65. Kf6 Rc4 66. Rg7+ Kh8 67. Re7 Rc6+
68. Re6 Rc8 ({Bondesluttspillet er tapt etter} 68... Rxe6+ $4 69. Kxe6 Kg7 70.
Ke7 Kg8 71. Kf6 Kh7 72. Kf7) 69. Kxg6 {og svart holder remis i alle varianter,
kfr www.k4it.de, klikk på Nalimov EGTB og sett opp stillingen...} Rb8 70. Kh6
Rc8 71. g6 Ra8 72. g7+ Kg8 73. Kg6 Rb8 {osv.}) 62. Ke6 Rb5 63. Rd7 Ra5 64. Rd5
Ra6+ (64... Rxd5 65. Kxd5 {
er håpløst, som også lett lar seg vise ved hjelp av Nalimov-basen}) 65. Rd6 Ra4
66. Kf6 Rxh4 67. Kxg6 Kf8 $1 {Utropstegn fordi nå skal hvit måtte bruke 30
trekk før det blir matt - med beste motspill av svart.} (67... Rf4 {
er det eneste alternativet som ikke fører til snarlig matt (15 trekk)}) 68.
Rd8+ Ke7 69. Rg8 $1 {Fører til raskeste matt!} Rh1 70. Kg7 Rg1 71. Kg6 ({
Raskeste vei til vinst var} 71. g6 Rg3 72. Rc8 Rg2 73. Kh7 Rh2+ 74. Kg8 Rg2 75.
g7 Rb2 76. Rf8 Ra2 77. Rf5 Rb2 78. Rh5 Rg2 79. Kh8 Kf7 80. Rf5+ Ke7 81. g8=Q {
1-0}) 71... Rg2 72. Ra8 Ke6 73. Rf8 Rg1 74. Rf2 Rg3 75. Kh6 Rh3+ 76. Kg7 Rg3
77. g6 Ke7 78. Re2+ Kd7 79. Kf7 Rf3+ 80. Kg7 Rg3 81. Re5 ({Raskere:} 81. Re4
Kd6 82. Kf7 Rf3+ 83. Kg8 Rg3 84. g7 Kd5 85. Rh4 Ke6 86. Rh7 Rf3 87. Kh8 Rg3 88.
g8=Q+ {1-0}) 81... Rh3 82. Kg8 Rf3 ({Litt mer mostand gir} 82... Rh4 83. Re3
Rg4 84. g7 Rg2 85. Rh3 Ke7 86. Rh7 Rg1 87. Kh8 Ke6 88. g8=Q+) 83. Rh5 (83. g7 {
var enda raskere}) 83... Ke7 84. Rh7+ Ke8 85. Rf7 Rg3 86. Kg7 Rg1 87. Ra7 Rg2
88. Ra4 Rh2 89. Re4+ Kd7 90. Kg8 Rg2 91. g7 Rh2 92. Kf7 Rf2+ 93. Kg6 Rg2+ 94.
Kf6 Rf2+ 95. Kg5 Ra2 {og svart ga samtidig opp} 1-0

[Event "Klubbmesterskapet 2012 (A)"]
[Site "Ås, Akershus NOR"]
[Date "2012.04.12"]
[Round "7"]
[White "Snellingen, Jørn"]
[Black "Olsen, Trygve"]
[Result "1-0"]
[WhiteElo "1828"]
[BlackElo "1278"]
[PlyCount "47"]

1. d4 d5 2. c4 c6 3. Nc3 Nf6 4. Nf3 Nbd7 5. cxd5 cxd5 6. g3 e6 7. Bg2 b6 8. O-O
Bb7 9. Bf4 a6 10. Rc1 Nh5 11. Bg5 Be7 12. Bxe7 Qxe7 13. Ne5 O-O 14. e4 Nhf6 15.
exd5 exd5 16. Re1 Qd6 17. Qb3 Ne4 18. Nxe4 dxe4 19. Nxd7 Qxd7 20. Qxb6 Rfc8 21.
Bh3 Qxh3 22. Qxb7 Qf5 23. Rxc8+ Rxc8 24. Qxe4 1-0

[Event "Klubbmesterskapet 2012 (A)"]
[Site "Ås, Akershus NOR"]
[Date "2012.04.12"]
[Round "7"]
[White "Lange, Holger"]
[Black "Høva, Frode"]
[Result "1/2-1/2"]
[WhiteElo "1660"]
[BlackElo "1573"]
[PlyCount "80"]

1. d4 Nf6 2. c4 g6 3. Nf3 Bg7 4. Bg5 Ne4 5. Bf4 c5 6. Nc3 Qa5 7. Bd2 Nxd2 8.
Qxd2 cxd4 9. Nxd4 Nc6 10. e3 O-O 11. Be2 Qg5 12. Nxc6 dxc6 13. O-O Bf5 14. f4
Qh4 15. Rac1 Rad8 16. Qe1 Qxe1 17. Rfxe1 Rd2 18. g4 Be6 19. Na4 b6 20. Rb1 Rfd8
21. Kf1 Bxc4 22. Bxc4 b5 23. Re2 bxc4 24. Rc1 Rd1+ 25. Re1 Rxe1+ 26. Kxe1 Rb8
27. Rxc4 Bxb2 28. Rxc6 Ba3 29. Rc4 Rb1+ 30. Kf2 Rh1 31. Kg2 Re1 32. Kf2 Rh1 33.
Kg2 Rc1 34. Rxc1 Bxc1 35. Kf3 Kf8 36. Nc5 Ke8 37. Nd3 Ba3 38. Ke4 Kd7 39. Ne5+
Ke6 40. Kd3 Bc5 1/2-1/2

[Event "Klubbmesterskapet 2012 (A)"]
[Site "Ås, Akershus NOR"]
[Date "2012.04.12"]
[Round "7"]
[White "Furnes, Torstein"]
[Black "Lange, David"]
[Result "0-1"]
[WhiteElo "1585"]
[BlackElo "1803"]
[PlyCount "76"]

1. d4 d5 2. c4 c6 3. e3 Nf6 4. Nf3 e6 5. Nc3 Be7 6. Bd3 O-O 7. O-O b6 8. Re1
Bb7 9. cxd5 exd5 10. Ne5 Nbd7 11. f4 $6 Re8 12. g4 $6 $15 {
Fritz liker ikke hvits to siste trekk så godt.} c5 13. g5 Ne4 14. Nxe4 {
Førstevalget til Fritz var her et interessant springeroffer:} (14. Nxf7 $1 Kxf7
15. Nxe4 dxe4 16. Bc4+ Kg6 (16... Kf8 $2 17. Qh5 $18) 17. Qg4 Bxg5 (17... Rf8
$6 18. Kh1 $1 h6 19. gxh6+ Kxh6 20. Qh3+ Bh4 21. Rg1 g6 22. Rg5 $18) (17... h6
$2 18. gxh6+ Bg5 (18... Kxh6 $2 19. Bf7 g5 20. Qh5+ Kg7 21. Qg6+ Kh8 22. Qh6#)
19. hxg7 Kxg7 20. fxg5 $18) 18. h4 h5 19. Qg3 {
og Fritz mener at hvit har en fordel på ca. +1.}) 14... dxe4 15. Bc4 {
Også her kunne hvit ofret springeren på f7 og kommet inn i de samme variantene
som ovenfor.} (15. Nxf7 $1 Kxf7 16. Bc4+ Kg6 (16... Kf8 $2 17. Qh5 $18) 17. Qg4
Bxg5 (17... Rf8 $6 18. Kh1 $1 h6 19. gxh6+ Kxh6 20. Qh3+ Bh4 21. Rg1 g6 22. Rg5
$18) (17... h6 $2 18. gxh6+ Bg5 (18... Kxh6 $2 19. Bf7 g5 20. Qh5+ Kg7 21. Qg6+
Kh8 22. Qh6#) 19. hxg7 Kxg7 20. fxg5 $18) 18. h4 h5 19. Qg3 {
og Fritz mener at hvit har en fordel på ca. +1.}) 15... Nxe5 16. dxe5 Qxd1 17.
Rxd1 Red8 18. Bd2 a6 19. a4 $2 {
En feil som gjør at svart kan fremtvinge avbytte av hvitfeltsløperne.} Bd5 20.
Bxd5 Rxd5 21. Bc3 Rad8 22. Rxd5 Rxd5 23. Kf2 Kf8 24. Ke2 Ke8 25. Rd1 Rxd1 26.
Kxd1 Kd7 27. e6+ Kxe6 28. Bxg7 Kd5 29. Kc2 Kc4 30. b3+ Kd5 31. Kc3 b5 32. axb5
axb5 33. h3 b4+ 34. Kc2 c4 35. bxc4+ Kxc4 36. Bb2 (36. Bd4) 36... b3+ 37. Kd1
Kd3 38. Bc1 Bc5 0-1

[Event "Klubbmesterskapet 2012 (A)"]
[Site "Ås, Akershus NOR"]
[Date "2012.04.26"]
[Round "8"]
[White "Høva, Frode"]
[Black "Lange, David"]
[Result "0-1"]
[WhiteElo "1570"]
[BlackElo "1824"]
[PlyCount "68"]

1. Nf3 d5 2. g3 c5 3. Bg2 Nc6 4. d4 e6 5. O-O Nf6 6. c4 Be7 7. cxd5 exd5 8.
dxc5 Bxc5 9. a3 O-O 10. b4 Be7 11. Bb2 Be6 12. Nbd2 Rc8 13. Nb3 Ne4 14. Nbd4
Bf6 15. Nxc6 bxc6 16. Nd4 Nd6 17. Nxe6 fxe6 18. Bxf6 Qxf6 19. Qd3 Nc4 20. e4
Qb2 21. Rab1 Qxa3 22. Qxa3 Nxa3 23. Ra1 Nb5 24. Bh3 Rf6 25. exd5 cxd5 26. Ra6
Re8 27. Rd1 Re7 28. Rd3 d4 29. Bg2 e5 30. Rxf6 gxf6 31. Bd5+ Kg7 32. Bc4 Nc3
33. f4 Rb7 34. fxe5 fxe5 0-1

[Event "Klubbmesterskapet 2012 (A)"]
[Site "Ås, Akershus NOR"]
[Date "2012.04.19"]
[Round "8"]
[White "Olsen, Trygve"]
[Black "Furnes, Torstein"]
[Result "0-1"]
[WhiteElo "1278"]
[BlackElo "1585"]
[PlyCount "27"]

1. f4 d5 2. Nf3 Nf6 3. d3 c5 4. b3 Nc6 5. Nbd2 d4 6. a4 Nd5 7. Nc4 Bg4 8. Nfe5
Nxe5 9. fxe5 g6 10. Qd2 h5 11. e4 dxe3 12. Qa5 $2 {
Tapstrekket. Hvit måtte prøvd} (12. Nxe3 Bh6 13. Qf2 Nxe3 14. Bxe3 Qc7 {
og Fritz mener at svart har en fordel på ca. -1.7.}) 12... b6 13. Qa6 Nb4 14.
Qb7 {og hvit ga opp før svart fikk mattet med springeren på c2.} (14. Qb7 Nxc2#
) 0-1

[Event "Klubbmesterskapet 2012 (A)"]
[Site "Ås, Akershus NOR"]
[Date "2012.04.19"]
[Round "8"]
[White "Bakken, Svein-Erik"]
[Black "Snellingen, Jørn"]
[Result "0-1"]
[WhiteElo "1434"]
[BlackElo "1828"]
[PlyCount "74"]

1. d4 Nf6 2. c4 Nc6 3. Nc3 e5 4. e3 Bb4 5. Nge2 O-O 6. a3 Bxc3+ 7. Nxc3 exd4 8.
exd4 Qe7+ 9. Be2 h6 10. O-O d6 11. Be3 a5 12. Rc1 Bf5 13. Bf3 Qd7 14. Qb3 a4
15. Nxa4 Na5 16. Qb4 Bd3 17. Rfd1 Bxc4 18. Rxc4 Nxc4 19. Nc3 Nxe3 20. fxe3 c6
21. Qb3 Qe6 22. Qxb7 Qxe3+ 23. Kh1 Rab8 24. Qxc6 Rxb2 25. Nb5 Qb3 26. Nxd6 Rb1
27. Rg1 Rxg1+ 28. Kxg1 Qe3+ 29. Kf1 Qxd4 30. Nc8 Qd3+ 31. Kf2 Qxa3 32. h3 Qb2+
33. Kg3 Qe5+ 34. Kf2 Re8 35. Qc1 Ne4+ 36. Bxe4 Qxe4 37. Nd6 Qd4+ 0-1